[Event "Hamburg-ch int"]
[Site "Hamburg"]
[Date "1999.05.28"]
[Round "7.7"]
[White "Reddmann, Hauke"]
[Black "Rogozenco, Dorian"]
[Result "0-1"]
[WhiteElo "2368"]
[BlackElo "2557"]
[Annotator "Alterman,B"]
[PlyCount "74"]
[EventDate "1999.05.22"]
[EventType "swiss"]
[EventRounds "9"]
[EventCountry "GER"]
[SourceTitle "CBM 072"]
[Source "ChessBase"]
[SourceDate "1999.10.01"]
[SourceVersion "1"]
[SourceVersionDate "1999.10.01"]
[SourceQuality "1"]

1. d4 Nf6 2. Bg5 e6 3. Nd2 h6 4. Bh4 c5 5. e3 cxd4 6. exd4 Be7 7. Ngf3 b6 8.
Nc4 (8. Bd3 Bb7 (8... Ba6 9. Bxa6 Nxa6 10. O-O O-O 11. a4 Rc8 12. c3 Nb8 13.
Ne5 d6 14. Nd3 Na6 15. Re1 {1/2-1/2 Sharif,M-Hoffmann,M/Lippstadt 1995/EXT 97 
(15)}) 9. O-O O-O 10. Re1 d6 11. Bxf6 Bxf6 12. Be4 d5 13. Bd3 Ba6 14. Bxa6 Nxa6
15. c3 {1/2-1/2 Szabo,Z-Anka,E/HUN-chT1 1995/EXT 97 (37)}) (8. Bxf6 Bxf6 9. Bd3
Bb7 10. O-O Nc6 11. c3 O-O 12. Re1 Qc7 13. Ne4 Be7 14. Bc2 Rae8 15. Qd3 g6 16.
h4 f5 17. Ned2 Bf6 18. a4 Ne7 19. c4 Kg7 20. Bb3 Qd6 21. Rad1 g5 22. Qe3 {
1/2-1/2 Kosic,D-Arakhamia,K/Athens 1996/CBM 55 ext (53)}) 8... d6 9. c3 O-O 10.
Bd3 Bb7 11. O-O Nbd7 12. Re1 Re8 13. a4 Qc7 14. Ncd2 $6 a6 15. Qc2 (15. Qe2 {
[%csl Ra6]} Bf8 {[%cal Re8e1]}) 15... Rac8 16. Ne4 Nxe4 17. Bxe4 Bxh4 18. Nxh4
Bxe4 19. Qxe4 b5 $15 {[%mdl 32]} 20. axb5 axb5 21. Re3 $6 {[%mdl 16384]} (21.
d5 Nf6 22. Qb4 Nxd5 23. Qxb5 Rb8 $14) 21... d5 22. Qd3 b4 23. Rae1 {White
still thinking about attack on the king side and overestimate his chances.
Better was to return the knight to the game.} (23. Nf3 bxc3 24. bxc3 $15) 23...
bxc3 24. bxc3 Nf6 25. Nf3 $2 {[%mdl 8192] White overlooked the next black's
move and losing pawn without any compencation.} Ng4 26. R3e2 Qxc3 27. Qxc3 Rxc3
28. h3 Nf6 29. Re3 Rc2 30. R1e2 Rc1+ 31. Re1 Rec8 32. Ne5 (32. Kf1 g5 $17)
32... Ne4 33. f3 $2 (33. Nf3) 33... Ng3 34. Kf2 Nf5 35. Rxc1 Rxc1 36. Rd3 Rc2+
{Now white losing a second pawn.} 37. Kg1 f6 0-1

[Event "Hoogovens"]
[Site "Wijk aan Zee"]
[Date "1990.01.??"]
[Round "1"]
[White "Piket, Jeroen"]
[Black "Nijboer, Friso"]
[Result "1-0"]
[WhiteElo "2495"]
[BlackElo "2485"]
[Annotator "Anand,V"]
[PlyCount "95"]
[EventDate "1990.01.??"]
[EventType "tourn"]
[EventRounds "13"]
[EventCountry "NED"]
[EventCategory "13"]
[SourceTitle "CBM 017"]
[Source "ChessBase"]
[SourceDate "1990.08.01"]
[SourceVersion "1"]
[SourceVersionDate "1990.08.01"]
[SourceQuality "1"]

1. d4 Nf6 2. Nf3 e6 3. Bg5 h6 4. Bxf6 Qxf6 5. e4 d6 6. Nc3 g6 7. Qd2 Bg7 8.
O-O-O Nc6 $6 (8... O-O) 9. Bb5 O-O 10. Bxc6 (10. e5 dxe5 11. Bxc6 exd4 $1 12.
Ne4 Qe7 13. Ba4 c5 $44) 10... bxc6 11. e5 Qf5 (11... Qe7 $6 12. Ne4 $16) 12.
Rhe1 c5 13. Ne4 dxe5 (13... cxd4 $2 14. Ng3 Qg4 15. h3 $18) (13... g5 $1 14.
Ng3 Qg6 (14... Qf4 $2 15. Qxf4 gxf4 16. Nh5 $16) 15. dxc5 $14) 14. dxe5 Bb7 15.
Qe3 Bxe5 16. Nxe5 (16. g4 $1 Qxe4 (16... Qf4 17. Nxe5 Qxe5 18. Nxc5 $16) 17.
Nxe5 Qxe3+ 18. Rxe3 $16 {White has more than enough play for the pawn}) 16...
Qxe5 17. Nxc5 Qxe3+ 18. fxe3 Bxg2 19. Rd7 Rfd8 $6 (19... Rac8 20. e4 Rfd8 21.
Red1 Rxd7 22. Rxd7 e5 23. Rd5 Kf8 24. Rxe5 Rd8 $132) 20. Rxc7 Rac8 21. Rxc8
Rxc8 22. b4 Kg7 23. e4 $16 f5 $138 24. Nxe6+ Kf6 25. exf5 gxf5 26. Kd2 Rc4 27.
c3 Rh4 28. Nd4 Bd5 29. Re2 Bxa2 30. Rf2 Be6 31. b5 Bd7 32. Kd3 Re4 33. Ra2 Re7
34. Rxa7 $18 f4 35. b6 Bc8 36. Rxe7 Kxe7 37. Nc6+ Kd6 38. Na5 Ba6+ 39. Kd4 f3
40. Ke3 Be2 41. c4 Kd7 42. c5 Kc8 43. c6 h5 44. Nb3 Bc4 45. Nd4 Bd5 46. h4 Kb8
47. c7+ Kb7 48. Nb5 1-0

[Event "Podlehnik"]
[Site "Podlehnik"]
[Date "2001.05.03"]
[Round "10"]
[White "Krumpacnik, Domen"]
[Black "Atalik, Suat"]
[Result "0-1"]
[WhiteElo "2371"]
[BlackElo "2543"]
[Annotator "Atalik,S"]
[PlyCount "110"]
[EventDate "2001.04.24"]
[EventType "tourn"]
[EventRounds "10"]
[EventCountry "SLO"]
[EventCategory "9"]
[SourceTitle "CBM 083"]
[Source "ChessBase"]
[SourceDate "2001.07.05"]
[SourceVersion "1"]
[SourceVersionDate "2001.07.05"]
[SourceQuality "1"]

1. d4 Nf6 2. Nf3 c5 3. c3 ({"Krumpi" never goes} 3. d5 b5 4. Bg5 Ne4 $13) 3...
Qb6 {A logical move.} 4. Qb3 d5 (4... d6 $5 5. Nbd2 d5 $1 6. c4 $13 {simply
blows my brains.}) 5. dxc5 Qxc5 6. Na3 $5 {This move has pros and cons.Despite
it looks great for white putting another pieceor two in game with tempi he may
run into difficulties with is awkwardly placed N.} a6 $8 {I have tried to
avoid this ,but what else?} 7. Be3 (7. c4 Ne4 8. e3 e6) 7... Qd6 8. c4 (8. Rd1
e6) (8. Bd4 Nbd7 9. Qa4 $140 $6 b5 $1) 8... e6 9. Rc1 Nc6 (9... Qb4+ 10. Qxb4
Bxb4+ 11. Bd2 Bxd2+ 12. Nxd2 Nc6 13. e3) 10. cxd5 Qb4+ 11. Qxb4 (11. Bd2 Qxb3
12. axb3 exd5 $5 {It is debatable who has the worst pawns.}) 11... Bxb4+ 12.
Nd2 $2 {Simply unexpected!} (12. Bd2 exd5 {Is more or less equal.}) 12... Nxd5
13. Bc5 (13. Bg5 f6 14. Bh4 Bxd2+ $5 15. Kxd2 Ndb4 16. Ra1 e5 $17 {and now
both the N and B are misplaced.}) 13... Bxc5 14. Rxc5 Ndb4 $17 {So black has
won a pawn.Now it was the turn for Krumpi to sink into deep thought.} 15. Nac4
$1 (15. Nc2 $6 Nxa2 16. Rc4 e5 17. Ra4 Be6 {As the N does not fall the whole
idea is in vain.}) 15... Nxa2 16. Nb6 Rb8 17. g3 Ke7 18. Bg2 Nab4 19. O-O Rd8
20. Ndc4 {So white gets some vague compensation for the loss of pawn.} Bd7 21.
f4 Be8 $5 (21... f6 {is a very sound alternative but I wanted to create weaker
pawns in my opponents camp.}) 22. f5 exf5 23. Rcxf5 f6 24. e4 Bg6 25. Rc5 (25.
Nd5+ $2 Nxd5 26. exd5 Bxf5 27. dxc6 Be6 28. c7 Bxc4 $19 {Actually loses
another pawn.}) (25. R5f3 Rd4 26. Rc3 Rbd8 27. Nd5+ Ke8 $19) (25. R5f4 Nd3)
25... Nd3 26. Rd5 Bf7 27. Rxd8 Rxd8 28. Nd5+ Kf8 29. Rd1 Nc5 $1 {Black attacks
the weakest point.} 30. Kf2 $1 {Excellent idea by Krumpi.White has nothing to
lose anymore so he heads for some complication.} (30. Nce3 Bg6 31. Nf5 Ne5 32.
Rc1 Ned3 33. Rc3 Rxd5 $19) 30... Nb4 (30... b5 31. Ncb6 Ne5 32. Ke3 {I simply
did not like this centralisation.} Nb3 $17) 31. Ncb6 Bh5 $1 (31... Nbd3+ 32.
Ke3 Nxb2 33. Rd4 $44) 32. Rd4 (32. Rd2 $2 Nb3 $19 {And the R is trapped.})
32... Nbd3+ 33. Ke3 Ne1 {That's it.Penetration counts if and only if it is
deep enough!} 34. Rc4 $1 Nxg2+ 35. Kf2 Nd3+ 36. Kxg2 Ne5 37. Rd4 (37. Rc7 Bf3+
38. Kf2 Bxe4 39. Nf4 Re8 {And everything is protected.}) 37... Rd6 38. h3 Rc6
$6 {I do not know if it is a real inaccuracy not to throw the B in because
anyway white does not seem to hold his game anymore.} (38... Bf3+ 39. Kf2 Rc6
40. Nd7+ Nxd7 41. Kxf3 Rc2 42. b4 Ne5+ 43. Ke3 Rg2 $19) 39. g4 Rc2+ 40. Kg3 Be8
$2 {I was sort of two much afraid of those Ns so I decided to stop calculating
and play some prophylactic moves.} (40... Bg6 41. b4 (41. Nf4 Rxb2) 41... Nc6)
41. b4 (41. b3 Rb2) 41... Rb2 42. Nc7 Rb3+ 43. Kg2 Nc6 (43... Rd3 44. Rxd3 Nxd3
45. Nbd5 Bc6 $19 {is also winning but I was happy to have a binge on whites
pawns.}) 44. Rd6 Rxb4 45. Nbd5 Rxe4 46. g5 $5 (46. Ne6+ Kg8 47. Nc5 Re2+ 48.
Kf1 Rb2 49. Nc7 Kf7 50. Nxe8 Kxe8 51. Nxb7 Rxb7 52. Rxc6 Ra7 $19) 46... fxg5
47. Ne6+ Kg8 48. Nxg5 Re2+ 49. Kf3 Bh5+ $1 {Needless to give checks a la
Turque.} (49... Nd4+ 50. Kf4 h6 51. Ne4 Bc6 52. Ne7+ Kf7 53. Nxc6 g5+ 54. Kg3 (
54. Ke5 Nxc6+ 55. Kd5 Ne7+ 56. Ke5 Rb2 57. Rxh6 Rb5+ {and comes the fork.})
54... Nxc6 55. Kf3 Re1 56. Nc5 $17) 50. Kf4 h6 51. Ne4 Bf7 52. Ne3 (52. Nc5
Bxd5 53. Rxd5 Re7 54. Rd6 Na5 $19) 52... Rb2 ({Even} 52... g5+ 53. Kf3 Bh5+ 54.
Ng4 Bxg4+ 55. hxg4 Re1 $19 {wins easy.}) 53. Nf5 (53. Nc5 Rb4+ 54. Kg3 Ne5 55.
Rd8+ Kh7 56. Rb8 a5 57. Rxb7 Rxb7 58. Nxb7 a4 59. Nc2 Nc4 $19) 53... Rb3 {
Now black is all set to push his strongest trump;the a pawn.} 54. h4 (54. Nc5
Rb4+ 55. Ke3 Ne5 $19) 54... a5 55. Rd7 $2 {Overlooking a decisive exchange.} (
55. Nc5 Rb4+ 56. Kg3 Ne5 $19) 55... Rf3+ $1 (55... Rf3+ $1 56. Kxf3 Ne5+ 57.
Kf4 Nxd7 $19) 0-1

[Event "Lee Cup 3rd"]
[Site "Beijing"]
[Date "1996.??.??"]
[Round "10"]
[White "Atalik, Suat"]
[Black "Pigusov, Evgeny"]
[Result "1/2-1/2"]
[WhiteElo "2525"]
[BlackElo "2570"]
[Annotator "Atalik,S"]
[PlyCount "34"]
[EventDate "1996.08.??"]
[EventType "swiss"]
[EventRounds "11"]
[EventCountry "CHN"]
[SourceTitle "CBM 054 Extra"]
[Source "ChessBase"]
[SourceDate "1996.11.01"]
[SourceVersion "1"]
[SourceVersionDate "1996.11.01"]
[SourceQuality "1"]

1. d4 Nf6 2. Nf3 e6 (2... g6 $145 3. c4 Bg7 4. Nc3 O-O 5. e4 d6 6. Be2 e5 7.
O-O Nc6 8. d5 Ne7 9. Ne1 Nd7 10. Kh1 {Miles} Kh8 $1 (10... f5 11. exf5 gxf5 (
11... Nxf5 12. Nc2 $1 Nf6 13. g4 $140 $1) 12. f4 Ng6 13. Nd3) 11. Nd3 f5 12. f4
$5) 3. g3 c5 (3... d5 4. Bg2 Be7 5. c4 O-O 6. O-O dxc4 7. Ne5 Nc6 8. Nxc6 bxc6
9. Na3 Bxa3 10. bxa3 Nd5 (10... Ba6 11. Bxc6 Rb8 12. Qa4 Rb6 13. Bd2 Qd6 $5 (
13... Nd5 14. Ba5 Rb8 $8 (14... Rb2 15. Bb4 Nxb4 16. axb4 Bc8 17. e3 e5 18. Qa3
$1 $18) 15. Bb4 Nxb4 16. axb4 Bb7 17. Bxb7 Rxb7 18. e3) 14. Bf3 Nd5 15. Rfb1 c3
(15... Rfb8 16. Rxb6 Qxb6 17. Rc1 Bb5 18. Qa5 Qxd4 19. Rb1 h6 20. Rxb5 Rxb5 21.
Qxb5 Qxd2 22. Qxc4 g6 23. Bxd5 exd5 24. Qxc7 Qxe2 25. Qd8+ Kg7 26. Qxd5 $14)
16. Be1 Qc6 (16... Rc6 17. Rc1 Rc4 18. Qb3 Rxd4 (18... c5 19. dxc5 Qxc5 20. e4)
19. e4 Bc4 20. Qc2 Bd3 21. Qd1 c2 22. Rxc2 Nf6 23. Bb4 Bxc2 24. Qxc2 c5 25.
Qxc5 Nxe4 26. Qxa7 Rxb4 27. axb4 $14) (16... Rb2 17. e4 Bd3 (17... Qb6 18. Rc1)
18. Rc1 Nb6 19. Qd1 Qxd4 20. Rxc3 Rd8 21. Rxc7 Nc4 22. Rc1 Ne5 23. Bg2 $13) 17.
Qxc6 Rxc6 18. Rb3 Re8 19. Rc1 Bc4 20. Rcxc3 $1 $18) 11. Qa4 Nb6 12. Qxc6 Rb8 (
12... Ba6 13. a4 $1 (13. Qc5 c6 $1 14. e4 (14. Bg5 f6 15. Bf4 Bb5 16. e4 $44
Na4) 14... Bb5 15. Be3) (13. Rd1 Rb8) 13... Qxd4 14. Ba3 (14. Be3 Qe5) 14...
Rfb8 15. a5 $1 (15. Rad1 Qe5) 15... Bb7 16. Qxb7 Rxb7 17. Bxb7 Rb8 18. axb6
Rxb7 19. Rad1 Qf6 20. Rd7 $1 $18) 13. Qc5 $1 Ba6 (13... Qd6 14. Qa5 (14. Bf4
Qxc5 15. dxc5 Nd5 16. Bxd5 exd5 17. Bxc7 Rb2 18. Rfe1 $10) 14... Bb7 (14...
Qxd4 15. Be3 $44) 15. Bf4 Qd7 (15... Qxd4 16. Rfd1 $1 $16 {then 17.Bc7 Bg2 18.
Bb8}) 16. e4 a6 17. Rfd1) (13... Bb7 14. e4 Qd6 (14... Qd7 15. Bf4 Rbc8 16.
Rfd1 $44) 15. Bf4 Qxc5 16. dxc5 Na4 17. Rfc1 Ba6 18. Bf1 Nxc5 19. Bxc4 Bxc4 20.
Rxc4 $14) 14. Bf4 Nd5 15. Bxd5 $1 $146 Qxd5 16. Qxa7 Rb6 17. Bxc7 Bb7 18. f3
Ra6 (18... Rb2 19. Rab1 Ra8 20. e4 Qb5 (20... Rxa7 21. exd5 c3 (21... Rxb1 22.
Rxb1 exd5 23. Bb8 $18) (21... Rxa2 22. Bb8 $18) 22. Rxb2 cxb2 23. d6 $1 Bc6 24.
Rb1 Rb7 25. Kf2 Kf8 26. Ke3 Ke8 27. Ba5 Bd5 28. Bb4 Bxa2 29. Rxb2 $18) 21. Qb6
Rxb1 22. Rxb1 Qxb6 23. Bxb6 Ba6 24. Bc5 $16) 19. Qc5 Rc8 20. Qxd5 Bxd5 21. Bf4
c3 $1 (21... Rxa3 22. e4 $1 $14) 22. Rfc1 f5 $5 (22... Rxa3 23. e4 (23. Bd6
Rxa2 24. Rxa2 Bxa2 25. Bc5 Bc4 26. Kf2) 23... Bxa2 24. Bd6 Ra4 25. Bc5 e5 26.
Rxc3 exd4 27. Bxd4) 23. Rc2 Kf7 24. Kf2 $5 (24. Rac1 Rxa3 25. Bd6 Rxa2 26. Rxa2
Bxa2 27. Bc5 $14) 24... Ke7 25. Bc1 Rb6 (25... Ra4 26. e3 {then 27.Rb1}) 26.
Bd2 Rbc6 27. Be1 $1 $14) 4. Bg2 a6 5. O-O cxd4 6. Nxd4 Qc7 7. Nb3 Be7 8. Bf4 d6
9. c4 (9. Qd2 O-O 10. Rd1 Rd8 11. c4 $1 Nc6 (11... Qxc4 $6 12. Rc1 Qb5 13. Rc7
Nbd7 14. Bxd6 Bxd6 15. Qxd6 Qxe2 16. N1d2 $16) 12. Nc3 Nh5 13. c5 Nxf4 14. Qxf4
b6 15. cxd6 $14) 9... Nbd7 (9... Nh5 10. Bd2 $1 (10. Be3 Qxc4 11. Na3 Qc7 12.
Nc4 Nc6 13. Nb6 Rb8 14. Rc1 d5 15. Na5 (15. Nd4 Bd7 16. Qa4 Qxb6 17. Nxc6 Bxc6
18. Qg4 Qxb2 $19) 15... Bd7 (15... O-O 16. Qa4) (15... Bb4 16. Qa4 Bxa5 17.
Qxa5) 16. Qa4 (16. Qd3 O-O 17. Nxd7 Qxd7 18. Nxc6 bxc6 19. Qxa6 Rxb2 $17 20.
Rxc6 (20. Qxc6 Qxc6 21. Rxc6 Rxa2 $17)) (16. Bf3 Nf6) (16. Qd4 Nxd4 17. Rxc7
Bd8 18. Rxd7 Bxb6 (18... Nxe2+ 19. Kh1 Bxb6 20. Bxb6 Kxd7 21. Bf3) 19. Bxd4
Bxa5 $19) (16. Bd4 Nf6 17. Qd3 e5 18. Nxd7 Nxd7 19. Nxc6 bxc6) 16... Nxa5 17.
Nxd7 Qxd7 18. Qxa5 O-O 19. Rc7 Bd8 20. Rxd7 Bxa5 21. Ba7 Nf6 $17) 10... Nd7 (
10... Qxc4 11. Na3 Qc7 12. Ba5 $16) 11. Ba5 Qb8 (11... Qxc4 12. Na3 Qg4 13. e4
Qxd1 14. Raxd1 $1 Nhf6 15. Rfe1 O-O 16. Bb4 $1 $16 (16. Nc4 d5 17. exd5 Nxd5))
12. Nc3) 10. Na3 (10. Nc3 $142 $1 Nh5 11. Be3 Qxc4 12. Bd4 e5 13. Nd5 $1 $18 (
13. Rc1 $44) 13... Bd8 14. Rc1 Qb5 15. Nc3 Qc4 16. Bd5) 10... e5 (10... Nh5 11.
Be3 Rb8 12. Ba7 Ra8 13. Bd4 O-O 14. Rc1 Ne5 15. Nd2 Rb8 16. Nf3 Nxf3+ 17. Bxf3
Nf6 18. Ba7 Ra8 19. Be3) 11. Bd2 Rb8 12. e4 O-O 13. Rc1 b6 14. Nb1 Nc5 15. Nc3
(15. Qe2 $142 $14) 15... Nd3 16. Rc2 Nb4 17. Rc1 Nd3 $10 1/2-1/2

[Event "RUS-chT 11th"]
[Site "Sochi"]
[Date "2004.04.23"]
[Round "4.6"]
[White "Skatchkov, Pavel"]
[Black "Bocharov, Dmitry"]
[Result "0-1"]
[WhiteElo "2496"]
[BlackElo "2567"]
[Annotator "Atlas,V"]
[PlyCount "86"]
[EventDate "2004.04.20"]
[EventType "team-tourn"]
[EventRounds "9"]
[EventCountry "RUS"]
[SourceTitle "EXT 2020"]
[Source "ChessBase"]
[SourceDate "2019.10.17"]
[SourceVersion "1"]
[SourceVersionDate "2019.10.17"]
[SourceQuality "1"]
[WhiteTeam "Togliatti Lada"]
[BlackTeam "Tomsk 400"]
[WhiteTeamCountry "RUS"]
[BlackTeamCountry "RUS"]

1. d4 Nf6 2. Nf3 e6 3. g3 b5 4. Bg2 Bb7 5. O-O c5 6. Bg5 Na6 7. Nbd2 cxd4 8.
Nxd4 Bxg2 9. Kxg2 Qb6 10. Bxf6 gxf6 11. e3 Bg7 12. Qg4 O-O 13. Ne4 f5 14. Nf6+
Kh8 15. Qh4 h6 16. Nh5 Nc5 17. Kg1 d5 18. Rfd1 a6 19. Nxg7 Kxg7 20. Qh5 Ne4 21.
Qe2 Rfc8 22. Kh1 Kh7 23. Rg1 Rg8 24. Raf1 Rg6 25. c3 Rag8 26. Ra1 Nc5 27. Rgd1
Qb7 28. Kg1 Qc7 29. Nb3 Ne4 30. Nd2 Nc5 31. Nb3 Na4 32. Rd4 Nb6 33. Rdd1 Nc4
34. Nd4 f4 35. exf4 Qxf4 36. Kh1 Qf6 37. a4 e5 38. Nf3 $2 {A big mistake,
after which White's position becomes critical. Ein grober Fehler, nach dem die
weiße Stellung kritisch wird.} (38. b3 {or 38.Nb3 was to be preferred. oder 38.
Nb3 war vorzuziehen.}) 38... Nxb2 $1 {[%csl Gb2,Re2,Rf3,Gf6]} 39. Rxd5 Nxa4 40.
Rxe5 Nxc3 41. Qd3 b4 42. Rf5 Rd8 43. Qc2 $2 ({This move allows for a nice game
conclusion. More stubborn was Dieser Zug lässt einen hübschen Partieschluss zu.
Hartnäckiger war} 43. Rxf6 {, although after obwohl nach} Rxd3 44. Rxf7+ Kg8 (
44... Rg7 {yields White more counterchances: räumt Weiß mehr Gegenchancen ein:}
45. Rf6 {, and und auf} b3 {is strongly met by folgt stark} 46. Raxa6 $1 Rxf3 (
46... b2 {would be a terrible mistake: wäre ein schrecklicher Bock:} 47. Rxh6+
Kg8 48. Ra8+ Kf7 49. Ne5+ Ke7 50. Ra7+ Kf8 51. Rh8+ Rg8 52. Rf7+ Ke8 53. Rxg8#)
47. Rxh6+ Kg8 48. Ra8+ Rf8 (48... Kf7 49. Ra7+) 49. Rxf8+ Kxf8 50. Rb6 {
, with equality. , mit Ausgleich.}) 45. Kg2 (45. Ne5 Rd5) 45... Kxf7 46. Ne5+
Kg7 {Black retains good winning chances. Schwarz gute Gewinnchancen behält.}) {
[%tqu "En","White's counterplay on the kingside may appear quite dangerous,
but Black's overwhelming advantage on the queenside is the decisve factor in
this position. How should he continue?","Deliver a counterstrike on the
queenside.","Exploit the power of Black's passed b-pawn.","b4b3","This
energetic pawn move wins on the spot.",4]} 43... b3 $1 {[%csl Gb3,Rc2,Gc3,Rf5,
Gf6]} ({This excellent move deprives White of last illusions: Dieser
Nadelstich beraubt Weiß seiner letzten Illusionen:} 43... b3 44. Rxf6 (44. Qxb3
Qxf5 45. Qxc3 Rd3) 44... bxc2 45. Rxf7+ Kg8 46. Rc7 Rd1+ {, winning. und
gewinnt.}) 0-1

[Event "Madrid"]
[Site "Madrid"]
[Date "1996.05.14"]
[Round "6"]
[White "Azmaiparashvili, Zurab"]
[Black "Salov, Valery"]
[Result "1/2-1/2"]
[WhiteElo "2660"]
[BlackElo "2670"]
[Annotator "Azmaiparashvili"]
[PlyCount "76"]
[EventDate "1996.05.08"]
[EventType "tourn"]
[EventRounds "9"]
[EventCountry "ESP"]
[EventCategory "17"]
[SourceTitle "CBM 053"]
[Source "ChessBase"]
[SourceDate "1996.08.01"]
[SourceVersion "1"]
[SourceVersionDate "1996.08.01"]
[SourceQuality "1"]

1. d4 Nf6 2. Nf3 e6 3. g3 b5 4. Bg2 Bb7 5. O-O Be7 6. c3 d5 7. a4 (7. Qb3 a6 8.
a4 c6 9. Bg5 Nbd7 10. Nbd2 $14) 7... b4 8. cxb4 Bxb4 9. a5 $5 Na6 (9... O-O $4
10. Qb3 Na6 11. Ra4 $1 Qd6 12. Bf4 Qe7 13. Bd2 Bxd2 14. Qxb7 $18) 10. Bd2 O-O
11. Ne5 (11. Qb3 Qd6 12. Bxb4 Nxb4 (12... Qxb4 $2 13. Qxb4 Nxb4 14. Rc1 Rfc8
15. Ra4 Na6 16. b4 $16) 13. Ra4 Na6) 11... Rb8 12. Qa4 Ba8 13. Nd3 (13. Nc6
Bxc6 14. Qxc6 Bxd2 15. Qxa6 Rxb2) 13... Bd6 14. Rc1 (14. b4 Qe8) 14... Ne4 15.
Be3 Nb4 16. Nc3 Bc6 17. Qd1 Nxd3 18. exd3 $1 (18. Qxd3 Nxc3 19. Qxc3 Bb5 $10)
18... Nf6 $1 (18... Nxc3 19. bxc3 $14) 19. Ne4 dxe4 20. Rxc6 exd3 21. b3 (21.
d5 $5 exd5 (21... Nxd5 22. Bxa7 Rxb2 23. Bd4 Rb4 24. Qxd3 $44) 22. Bxa7 Rxb2
23. Bd4 Rb4 24. Qxd3 $44) 21... Nd5 22. Bxd5 exd5 23. Qxd3 Qd7 24. Rac1 Rfe8
25. Kg2 h5 26. Bf4 $1 $10 Bxf4 27. gxf4 Qg4+ 28. Qg3 Rxb3 29. Qxg4 hxg4 30.
Rxc7 Re4 31. Rxa7 Rxf4 32. Rc2 Ra3 33. a6 Rxd4 34. Rc8+ Kh7 35. Rxf7 Rxa6 36.
Rcc7 Rg6 37. Rf5 Kh6 38. Rd7 Rf6 1/2-1/2

[Event "Politiken Cup 18th"]
[Site "Copenhagen"]
[Date "1996.??.??"]
[Round "5"]
[White "Speelman, Jonathan S"]
[Black "Brynell, Stellan"]
[Result "1-0"]
[WhiteElo "2625"]
[BlackElo "2445"]
[Annotator "Baburin,A"]
[PlyCount "157"]
[EventDate "1996.06.??"]
[EventType "swiss"]
[EventRounds "11"]
[EventCountry "DEN"]
[SourceTitle "CBM 054"]
[Source "ChessBase"]
[SourceDate "1996.10.01"]
[SourceVersion "1"]
[SourceVersionDate "1996.10.01"]
[SourceQuality "1"]

1. d4 {Hecht} e6 2. Nf3 Nf6 3. Bg5 h6 4. Bxf6 Qxf6 5. e4 d5 6. Nbd2 g6 7. Bd3
Bg7 8. c3 O-O 9. O-O b6 10. Re1 c5 11. a3 a5 12. Bb5 Bb7 13. Qa4 Rc8 14. Rad1
cxd4 15. Nxd4 Na6 16. Bxa6 Bxa6 17. exd5 exd5 18. Nf1 Bb7 19. Ne3 Rd8 20. Rd2
h5 21. Qd1 Rd7 {[#]An interesting case - two White knights are fighting two
Black bishops. I think that White is better here, having such excellent
blockaders, although Black's chances should not be underestimated.} 22. a4 Rad8
23. Nec2 Re7 24. Rxe7 Qxe7 25. Re2 Qd7 26. Na3 Re8 27. Nab5 Rxe2 28. Qxe2 Ba6
29. Qe3 Bxd4 30. Nxd4 Qxa4 31. h3 Qd7 32. Qe5 Bb7 {[#]This endgame is very
instructive - here the "queen & knight" pair is superior to the "queen &
bishop" couple, and White has better chances, despite being a pawn down.} 33.
Qf6 Qc7 34. Nb5 Qc6 35. Nd6 Qd7 36. f4 Ba6 37. f5 Bd3 38. g4 hxg4 39. hxg4 Qc7
40. Kf2 Qd7 41. Ke3 Bc2 42. Kf4 gxf5 43. gxf5 b5 44. Ke5 b4 45. cxb4 axb4 46.
Qg5+ Kf8 47. Qh6+ Kg8 48. f6 Qe6+ 49. Kd4 Qg4+ 50. Kxd5 Bb3+ 51. Kc5 Be6 52.
Ne4 b3 53. Kd6 Qd1+ 54. Qd2 Qxd2+ 55. Nxd2 Kf8 56. Ne4 Ke8 57. Kc7 Bd5 58. Nd6+
Kf8 59. Kd8 Be6 60. Ne4 Bd5 61. Nc5 Bc4 62. Nd7+ Kg8 63. Ke7 Bd5 64. Ne5 Be6
65. Nc6 Bc4 66. Nd8 Bd5 67. Kd6 Bc4 68. Kc5 Be2 69. Nc6 Kf8 70. Nd4 Bd1 71. Kc4
Ke8 72. Nxb3 Bxb3+ 73. Kxb3 {Hecht: 1-1 Bauer, einfache Tempofrage, wK als
Wegbereiter für den b-Bauer} Kd7 74. Ka4 (74. Kc4 Ke6 75. b4 Kxf6 76. b5 Ke6
77. Kc5 Kd7 78. Kb6 f5 79. Ka7 f4 80. b6 f3 81. b7 f2 $10) 74... Ke6 75. b4
Kxf6 76. b5 Ke7 77. Ka5 Kd7 78. Ka6 Kc8 79. Ka7 1-0